Statystyki dla Geografia quiz #75 - Państwa na literę K

Kliknij tutaj aby rozwiązać quiz!

Ogólne statystyki

  • Ten quiz został rozwiązany 53 razy
  • Średni wynik to 13 z 16

Statystyki odpowiedzi

PaństwoKontynentPowierzchniaLiczba ludności% Poprawnych
KazachstanAzja, Europa2 717 300 km²15 399 437
92%
Korea PółnocnaAzja120 540 km²22 757 275
90%
Korea PołudniowaAzja99 720 km²50 062 000
90%
KanadaAmeryka Północna9 976 140 km²34 110 000
88%
KolumbiaAmeryka Południowa1 139 825 km²45 730 834
87%
KubaAmeryka Północna110 860 km²11 424 000
85%
KeniaAfryka582 650 km²37 953 840
81%
KamerunAfryka475 440 km²18 100 000
79%
KostarykaAmeryka Północna51 100 km²4 325 000
79%
KirgistanAzja198 500 km²5 357 000
77%
KongoAfryka342 000 km²3 756 000
77%
KambodżaAzja181 040 km²13 388 910
75%
KiribatiAustralia i Oceania811 km²103092
75%
KuwejtAzja17 818 km²2 597 000
75%
KatarAzja11 437 km²928 635
69%
KomoryAfryka2 170 km²671 247
63%

Rozkład punktacji

Percentyl według liczby udzielonych odpowiedzi

Procent ludzi z każdym wynikiem

Twoja historia wyników

Nie rozwiązałeś tego quizu